000 00215nam a22000977a 4500
003 OSt
008 210112b ||||| |||| 00| 0 eng d
100 _aMahatma Gandhi
_94805
245 _aEnte Jeevithakadha
942 _cBK
999 _c16402
_d16402